000 00758nam a22002417a 4500
003 UA-OsUOA
001 46695
007 ta
008 20120508b un ||||| |||| 00| 0 ukr d
100 _aШіфрін А.
090 _a82-94
_bШ65
942 _cBK
040 _aUA-OsUOA
_bukr
_cUA-OsUOA
_dUA-OsUOA
245 _aУ совєтській катівні
_bіз свідчень політв'язня
300 _a60 с.
955 _a4
041 _aukr
080 _a82-94
260 _aН.-Й; Джерзі Ситі
_bСвобода
_c1972
650 7 _a82 Література. Літературознавство
_2UDC
999 _c426788
_d426788